000 00909nam a22002537a 4500
005 20170124103034.0
010 _aA-455731
020 _c50.00
035 _aA-455731
037 _bCen Lib/Ret
040 _aDPL
_bHN
082 _a
_bगोयल
100 _aगोयल, विजया
_964912
245 _aधरा की गोद से /
_cविजया गोयल
246 _aDhara ki god se /
_bby Vijyaa Goyal
260 _aइलाहाबाद
_bकिताब महल
_c1990
270 _bइलाहाबाद
_aथार्न्हिल रोड
300 _a99पृ.
_c19सेमी (सजिल्द)
650 _aहिंदी साहित्य
_964913
650 _aहिंदी कहानियां
_92082
650 _aHindi literature
_964914
650 _aHindi stories
_964915
942 _2ddc
_cHN
_h
_mगोयल
999 _c116120
_d116120